000 00310nam a2200121Ia 4500
008 191201s2006 xx 000 0 und d
100 _aShah, K K
245 0 _aIntroduction to Electromagnetics
260 _aN.Delhi
_bDhanpat Rai Pubns (P) Ltd
_c2006
300 _a570
650 _aB.Tech(ECE)
942 _2ddc
_cBK
999 _c1072
_d1072